Hospodyňské listy časopis věnovaný praktickým zájmům žen československých, racionálnímu vedení domácího hospodářství a životu rodinnému

Podrobná bibliografia
Médium: Seriál
Jazyk:čeština
Fyzický popis:19 zv. 31 cm
Vydavateľské údaje: Praha Libuše Macháčková 1924-1942
Predmet:

MARC

LEADER 00000cas a2200000 a 4500
001 vtls008878644
003 SK-MaSNL
005 20260228161414.0
008 d19241942xr mr 0 0cze c
040 |a SNK  |b slo  |c SNK  |e AACR2 
041 0 |a cze 
044 |a xr  |c CZ 
072 7 |a 64  |x Domáce hospodárstvo  |2 konspekt 
080 |a 64  |2 2001 
080 |a (051.055.2)  |2 2011 
245 0 0 |a Hospodyňské listy  |b časopis věnovaný praktickým zájmům žen československých, racionálnímu vedení domácího hospodářství a životu rodinnému 
260 |a Praha  |b Libuše Macháčková  |c 1924-1942 
300 |a 19 zv.  |c 31 cm 
310 |a 1x mesačne 
362 0 |a Roč. 1, č. 1 (1924)-roč. 19, č. 7 (1942) 
650 0 7 |a domáce hospodárstvo  |2 SNKPH  |9 2073 
655 7 |a časopisy pre ženy  |2 SNKPH  |9 70785 
910 |a snk 
999 |c 5247  |d 7177 
952 |0 0  |1 1  |4 0  |7 0  |8 5  |a SNK  |b SNK  |d 2006-11-15  |i snkF 264/66  |l 0  |o snkČB 3042/13/1936  |p 17A0523481  |r 2026-02-21 20:05:02  |t č. 1-12  |w 2026-02-21  |y PREZ